Le titre est dans les paroles #2 - Statistiques

Statistiques générales
  • Ce quiz a été pris 73 652 fois
  • Le résultat moyen est 10 sur 20
Statistiques - réponses
Chanson Paroles % Correct
Elle a les yeux revolver, Marc Lavoine, 1985 {Elle} {a} {les} {yeux} {revolver} Elle a le regard qui tue
80%
Encore et Encore, Francis Cabrel, 1985 Et ça continue, {encore} {et} {encore} C'est que le début, d'accord, d'accord
73%
Aurélie, Colonel Reyel, 2011 {Aurélie} n'a que 16 ans et elle attend un enfant Ses amies et ses parents lui conseillent l'avortement
72%
Pour que tu m'aimes encore, Céline Dion, 1995 Dans les froids dans les flammes Je te jetterai des sorts {Pour} {que} {tu} {m'aimes} {encore}
69%
En apesanteur, Calogero, 2002 Ah, ah ah ah, {en} {apesanteur} Ah, ah ah ah, pourvu qu'on soit les seuls dans cet ascenseur
61%
Dommage, Bigflo et Oli, 2017 Ah c'est {dommage}, ah c'est {dommage} C'est p't'être la dernière fois
61%
Macarena, Damso, 2017 Mais si tu te sens mieux, tu te souviendras plus de moi Oh là là, mon coeur danse la {macarena}
61%
Sur ma route, Black M, 2014 {Sur} {ma} {route}, oui Je ne compte plus les soucis De quoi devenir fou, oui
57%
Sensualité, Axelle Red, 1993 J'aimerais que ce moment Fixe pour des tas d'années Ta {sensualité}
55%
Facile, Camélia Jordana, 2020 Mais ne me regarde pas comme si c'était {facile} Tu sais bien que moi, je ne suis pas si docile
54%
La Boulette, Diam's, 2006 Nan nan, c'est pas l'école qui m'a dicté mes codes On m'a dit qu't'aimais le rap, voilà de {la} {boulette}
54%
Balance ton quoi, Angèle, 2018 Même si tu parles mal des filles Je sais qu'au fond t'as compris {Balance} {ton} {quoi}, un jour peut-être ça changera
53%
La Bohème, Charles Aznavour, 1966 {La} {bohème}, {la} {bohème} Ça voulait dire, on est heureux
51%
Il avait les mots, Sheryfa Luna, 2007 {Il} {avait} {les} {mots}, m'a rendue accro Je voyais déjà l'avenir dans ses bras
44%
Foule Sentimentale, Alain Souchon, 1993 {Foule} {sentimentale}, on a soif d'idéal Attirés par les étoiles, les voiles
38%
Je vais t'aimer, Michel Sardou, 1976 À faire crier grâce à tous les échos À faire trembler les murs de Jéricho, {je} {vais} {t'aimer}
36%
Qui a le droit, Patrick Bruel, 1991 {Qui} {a} {le} {droit} d'faire ça à un enfant Qui croit vraiment c'que disent les grands
35%
Voyage, voyage, Desireless, 1987 {Voyage,} {voyage}, plus loin que la nuit et le jour {Voyage}, dans l'espace inouï de l'amour
33%
Paris-Seychelles, Julien Doré, 2013 Te sourire dehors à Angoulême Un chasse-spleen Melchior, {Paris}-{Seychelles}
30%
Il suffira d'un signe, Jean-Jacques Goldman, 1981 {Il} {suffira} {d'un} {signe}, un matin Un matin tout tranquille, et serein
13%
Aucun quiz correspondant
Distribution des résultats
% des personnes avec chaque résultat
Percentile par nombre de réponses
Votre historique - résultats
Vous n’avez pas pris ce quiz